Ономастичні одиниці у економічному дискурсі (на прикладі назв фірм та компаній) (Запис № 285344)

МАРК-запис
000 -LEADER
fixed length control field 01779nam a22001577a 4500
041 ## - LANGUAGE CODE
Language code of text/sound track or separate title ukr
080 ## - UNIVERSAL DECIMAL CLASSIFICATION NUMBER
Universal Decimal Classification number 09
090 ## - LOCALLY ASSIGNED LC-TYPE CALL NUMBER (OCLC); LOCAL CALL NUMBER (OCLC)
Local cutter number (OCLC) ; Book number/undivided call number, CALL (RLIN) ГЕН
100 ## - MAIN ENTRY--PERSONAL NAME
Personal name Гень, О. С.
245 ## - TITLE STATEMENT
Title Ономастичні одиниці у економічному дискурсі (на прикладі назв фірм та компаній)
260 ## - PUBLICATION, DISTRIBUTION, ETC. (IMPRINT)
Place of publication, distribution, etc Острог
Name of publisher, distributor, etc КАФ
Date of publication, distribution, etc 2013
300 ## - PHYSICAL DESCRIPTION
Extent 57
520 ## - SUMMARY, ETC.
Summary, etc Вступ.<br/>Розділ І. Теоретичні аспекти дослідження ономастичних одиниць.<br/>1.1. Сутність та значення ономастики<br/>1.2. Функції елементів ономастикону та загальної лексики<br/>1.3. Етимологія ономастичного матеріалу<br/>1.4. Ергонім як складова одиниця ономастики<br/>1.5. Специфічні особливості функціонування ергонімів<br/>Розділ ІІ. Аналіз англомовних назв ділових обєктів.<br/>2.1. Структурний аналіз однокомпонентних англомовних ергонімів<br/>2.2. Структурний аналіз багатокомпонентних англомовних ергонімів<br/>2.3. Дослідження функціональних особливостей ергонімів<br/>2.4. Методичні рекомендації щодо номінації ергонімів<br/>Розділ ІІІ. Охорона праці та безпека в надзвичайних ситуаціях.<br/>Висновки.<br/>Список використаних джерел.<br/>Додатки.
-- ономастика, економічний дискурс
650 ## - SUBJECT ADDED ENTRY--TOPICAL TERM
Topical term or geographic name as entry element Research Papers
942 ## - ADDED ENTRY ELEMENTS (KOHA)
Koha item type Книги
Фонди
Withdrawn status Lost status Source of classification or shelving scheme Damaged status Not for loan Home library Current library Date acquired Source of acquisition Cost, normal purchase price Total Checkouts Full call number Barcode Date last seen Price effective from Koha item type
    Universal Decimal Classification     ВІЛ - Відділ іноземн. літератури НБ ВІЛ - Відділ іноземн. літератури НБ 12/06/2013 Акт №7 1.00   09 215276 09/11/2021 12/06/2013 Книги